Notice de livres classiques a l'usage 1º de l'enseignement secondaire (lycées, colléges, séminaires, institutions et pensions), 2º de l'enseignement supérieur. (Record no. 160771)

MARC details
000 -LEADER
campo de control de longitud fija 00586nam a2200145 i 4500
001 - NÚMERO DE CONTROL
campo de control 160771
003 - IDENTIFICADOR DE NÚMERO DE CONTROL
campo de control ES-MaACL
005 - FECHA Y HORA DE LA ÚLTIMA TRANSACCIÓN
campo de control 20230906212125.0
008 - DATOS DE LONGITUD FIJA--INFORMACIÓN GENERAL
campo de control de longitud fija 050906s1876 fr | |||||||| ||fre d
040 ## - FUENTE DE CATALOGACIÓN
Centro catalogador/agencia de origen CAM
Lengua de catalogación spa
Centro/agencia transcriptor CAM
245 00 - MENCIÓN DEL TÍTULO
Título Notice de livres classiques a l'usage 1º de l'enseignement secondaire (lycées, colléges, séminaires, institutions et pensions), 2º de l'enseignement supérieur.
260 ## - PUBLICACIÓN, DISTRIBUCIÓN, ETC.
Lugar de publicación, distribución, etc. Paris :
Nombre del editor, distribuidor, etc. Librairie Hachette et C.,
Fecha de publicación, distribución, etc. 1876 (
Fabricante Imprimerie Vieville et Capiomont)
300 ## - DESCRIPCIÓN FÍSICA
Extensión 24 p. ;
Dimensiones 19 cm.
852 ## - LOCALIZACIÓN
Ubicación ES-MaACL
Número de control de estantería D-3181(2)
Nota libre -- Rúst. muy deteriorada
Holdings
Estatus retirado Estado de pérdida Estado de daño No para préstamo Colección Biblioteca de origen Biblioteca actual Ubicación en estantería Fecha de adquisición Fuente de adquisición Total de préstamos Signatura topográfica completa Código de barras Visto por última vez Precio de reemplazo Tipo de ítem Koha
        Libros del s. XIX Biblioteca del Ateneo de Madrid Biblioteca del Ateneo de Madrid Sala Valle Inclán 17/01/2008     D-3181(2) 901168358 23/02/2023 23/02/2023 Libro impreso antiguo